| 000 | nam a22 4500 | ||
|---|---|---|---|
| 999 |
_c28864 _d28864 |
||
| 008 | 170408b xxu||||| |||| 00| 0 eng d | ||
| 020 | _a0684853574 | ||
| 050 | _aR838.5 .R68 1998 | ||
| 100 | _aRothstein Rochelle MD | ||
| 245 |
_aMCAT comprehensive review / _cRochelle Rothstein, MD |
||
| 260 |
_aNew York : _bKaplan Education and simon & schuster, _c1998. |
||
| 300 |
_axiv,1069 p. : _bill. ; _c28cm |
||
| 650 |
_aSciences _xBiology _yChemistry _zPhysics |
||
| 650 | _aOrganic chemictry | ||
| 942 |
_2lcc _cBOOKS _hR838.5 .R68 1998 |
||